Contemporary trends in tourism and hospitality management / (Record no. 84485)

MARC details
000 -LEADER
fixed length control field 00726nam a22002297a 4500
005 - DATE AND TIME OF LATEST TRANSACTION
control field 20140724124907.0
010 ## - LCCN (DPL NO)
LC control number ENG-110068
020 ## - INTERNATIONAL STANDARD BOOK NUMBER
International Standard Book Number 9789380607726
Terms of availability 895.00
035 ## - SYSTEM CONTROL NUMBER
System control number EN-93601
037 ## - SOURCE OF ACQUISITION
Source of stock number/acquisition DBAD/PUB
082 ## - DEWEY DECIMAL CLASSIFICATION NUMBER
Classification number 338.479154
245 ## - TITLE STATEMENT
Title Contemporary trends in tourism and hospitality management /
Statement of responsibility, etc edited by Ashok Aima, Vinay Chauhan [and] Jaya Bhasin
260 ## - PUBLICATION, DISTRIBUTION, ETC. (IMPRINT)
Place of publication, distribution, etc Delhi
Name of publisher, distributor, etc Primus Books
Date of publication, distribution, etc 2014
270 ## - ADDRESS
Address Virat Bhavan, Mukherjee Nagar Commercial Complex
City Delhi
Postal code 110009
300 ## - PHYSICAL DESCRIPTION
Extent x,190p.
Dimensions 24cm(Hb)
490 ## - SERIES STATEMENT
Series statement JU - PB series
500 ## - GENERAL NOTE
General note Includes index
700 ## - ADDED ENTRY--PERSONAL NAME
Personal name Aima, Ashok
700 ## - ADDED ENTRY--PERSONAL NAME
Personal name Chauhan, Vinay
700 ## - ADDED ENTRY--PERSONAL NAME
Personal name Bhasin, Jaya
942 ## - ADDED ENTRY ELEMENTS (KOHA)
Source of classification or shelving scheme Dewey Decimal Classification
Item type English Books
Call number suffix CON
Classification part 338.479154
Holdings
Withdrawn status Lost status Not for loan Collection code Home library Current library Date acquired Source of acquisition Cost, normal purchase price Full call number Barcode Copy number Cost, replacement price Koha item type
    Not For Loan Non-fiction D.B.Act.Division D.B.Act.Division 22/05/2014 DBAD/PUB 895.00 338.479154 CON EN-93601 1 895.00 English Books

© Delhi Public Library
Hit Counter
free hit counter